LEADER 01125nam a2200277 u 4500 001 000000050646 003 CaOOAMICUS 005 20070226115240.0 008 000823s1984 it u000 u ita u 020 $a883114510X 035 $a10853937 040 $aPUL(R)$bita 041 1 $aita$hger 100 1 $aDeissler, Alfons.$0(OLS)http://pul/name/25334 240 10$aIch werde mir Dir sein.$lItaliano.$0(OLS)http://pul/title/68159 245 10$aIo sarò sempre con te :$bmeditazioni sul Pentateuco /$cAlfons Deissler. 260 $aRoma :$bCittà Nuova,$c1984. 300 $a119 p. ;$c20 cm 630 04$aBiblia.$pV.T.$pPentateuchus$xCommenti.$0(OLS)http://pul/subject/1991 850 $aPUL 852 $aPUL$W1$xDP1 Fondo Ciprotti$y59$m1534 F 7$j67145$nBK-PRI$b $qFondi$B67145$CPULBib$Z2$F67145 $H $81 941 1 $a1 961 $aINV: 0672. Fondo Ciprotti 996 $6020$a883114510X$9(OLS)http://pul/number/64100 996 $6245$aIo sarò sempre con te :$bmeditazioni sul Pentateuco$9(OLS)http://pul/title/68160 996 $6260$aRoma :$bCittà Nuova$9(OLS)http://pul/publisher/47927 LEADER 01210nam a2200265 a 4500 001 000000164050 003 CaOOAMICUS 005 20171108170811.0 008 171108s1996 it m u000 udeng r 032 $aLibriCat 040 $aPUL$bita 100 1 $aMundumuzhikara, Paul.$0(OLS)http://pul/name/105427 245 00$aIntegral formation of adolescents through Kerala catholic students' league / $cPaul Mundumuzhikara . 260 $aRoma :$b[s.n.],$c1996. 300 $a81 p. ; $c24 cm. 502 $aEstratto di Tesi. Università Pontificia Salesiana. Facoltà di Teologia.1996. 504 $aBibliografia in nota a piè pagina. 650 04$aAdolescenti$xPedagogia.$0(OLS)http://pul/subject/29299 710 2 $aPontificia Università Salesiana.$bFacoltà di teologia.$kTesi.$0(OLS)http://pul/name/12417 850 $aPUL 852 $aPUL$W1$xDP1 Tesi Pon. Univ. Salesiana$y46$mTH SAL 361$j188139$qTesi$B191320$CPULBib$Z2$F191320 $H76247 $82 941 1 $a16 996 $6245$aIntegral formation of adolescents through Kerala catholic students' league / $9(OLS)http://pul/title/203743 996 $6260$aRoma :$b[s.n.]$9(OLS)http://pul/publisher/47958